Normal view
MARC view
Entry Personal Name
001 - CONTROL NUMBER
- control field: 82578
003 - CONTROL NUMBER IDENTIFIER
- control field: OSt
005 - DATE AND TIME OF LATEST TRANSACTION
- control field: 20241019150229.0
008 - FIXED-LENGTH DATA ELEMENTS
- fixed length control field: 241019|| aca||aabn | a|a d
040 ## - CATALOGING SOURCE
- Original cataloging agency: OSt
- Transcribing agency: OSt
100 ## - HEADING--PERSONAL NAME
- Personal name: बेनीवाल ,प्रतीक
670 ## - SOURCE DATA FOUND
- Source citation: Work cat.: (OSt)67174: बेनीवाल ,प्रतीक , CTET पेपर-2/ गणित एवं विज्ञान ,कक्षा (6-8th), 2024









